• 首页
  • 本馆介绍
  • 公告通知
  • 最新文献
  • 馆藏检索
  • 电子资源
  • 读者导购
  • 参考咨询
  • 我的图书馆
  • 登录
  • 详细信息显示
  • 放入我的书架
  • 预约/预借图书
  • 作者相关作品
  • 分类相关作品
  • 丛书相关作品
  • 出版社相关作品

书目信息

  • 表格格式
  • 工作单格式
  • 卡片格式
题名:
艺术哲学
    
 
作者: 丹纳 著 ;傅雷 , 张启彬 译
分册:   意大利文艺复兴期的绘画
出版信息: 北京   化学工业出版社  2020.4
页数: 124页
开本: 23cm
丛书名:
单 册:
中图分类: J0 , J209.546
科图分类:
主题词: 艺术哲学 , 油画--绘画技法 , 绘画史--意大利--中世纪
电子资源:
ISBN: 978-7-122-32153-4
000 01204nam0 2200349 45
001 012001001295
005 20130911092402.0
010    @a978-7-122-32153-4@dCNY49.80
099    @aCAL 012019044436
100    @a20190123d2019 em y0chiy0110 ea
101 1  @achi@cfre
102    @aCN@b110000
105    @aa z 000yy
106    @ar
200 1  @a艺术哲学@Ayi shu zhe xue@e全彩配图版@i意大利文艺复兴期的绘画@f(法) 丹纳著@g傅雷译@g张启彬编
210    @a北京@c化学工业出版社@d2020.4
215    @a124页@c彩图@d23cm
300    @a汉溶
300    @a其他题名:意大利文艺复兴期的绘画
330    @a本书分析了大量史实,对一些典型的文学现象进行了深入的探讨,书中列举了意大利文艺复兴时期的艺术文艺史实,并加以分析比较,揭示了文学艺术与种族、环境、时代这三个要素的紧密关系。
333    @a本书适用于艺术哲学研究者
517 1  @a意大利文艺复兴期的绘画
606 0  @a艺术哲学
606 0  @a油画@x绘画技法
606 0  @a绘画史@y意大利@z中世纪
690    @aJ0@v5
690    @aJ209.546@v5
701  1 @a丹纳@Adan na@g(Taine, Hippolyte Adolphe),@f1828-1893@4著
702  0 @a傅雷@Afu lei@4译
702  0 @a张启彬@Azhang qi bin@4编
801    @aCN@b江苏凤凰@c20211018
905    @b1342944-7@dJ0@e599@f4
    
    艺术哲学:全彩配图版.意大利文艺复兴期的绘画/(法) 丹纳著/傅雷译/张启彬编.-北京:化学工业出版社,2020.4
    124页:彩图;23cm
    汉溶.-其他题名:意大利文艺复兴期的绘画.-使用对象:本书适用于艺术哲学研究者
    
    ISBN 978-7-122-32153-4:CNY49.80
    本书分析了大量史实,对一些典型的文学现象进行了深入的探讨,书中列举了意大利文艺复兴时期的艺术文艺史实,并加以分析比较,揭示了文学艺术与种族、环境、时代这三个要素的紧密关系。
●
相关链接 在E读中查询图书 在五车中查询图书 在当当中查询图书 在豆瓣中查询图书


正题名:艺术哲学     索取号:J0/599         预约/预借

序号 登录号 条形码 馆藏地/架位号 状态 备注
1 1342944   213429440   第一样本阅览室/ [索取号:J0/599] 在馆    
2 1342945   213429459   第一借阅区/ [索取号:J0/599] 在馆    
3 1342946   213429468   第一借阅区/ [索取号:J0/599] 在馆    
4 1342947   213429477   第一借阅区/ [索取号:J0/599] 在馆    
唐山师范学院图书馆 欢迎您!
大连网信软件有限公司© 版权所有